[Event "WchT 6th"]
[Site "Beersheba"]
[Date "2005.11.07"]
[Round "6.3"]
[White "Mchedlishvili, Mikheil"]
[Black "Delgado Ramirez, Neuris"]
[Result "1-0"]
[WhiteElo "2564"]
[BlackElo "2551"]
[PlyCount "135"]
[EventDate "2005.11.01"]
[EventType "team-tourn"]
[EventRounds "9"]
[EventCountry "ISR"]
[SourceTitle "CBM 110"]
[Source "ChessBase"]
[SourceDate "2006.01.31"]
[SourceVersion "1"]
[SourceVersionDate "2006.01.31"]
[SourceQuality "1"]
[WhiteTeam "Georgia"]
[BlackTeam "Cuba"]
[WhiteTeamCountry "GEO"]
[BlackTeamCountry "CUB"]

1. d4 Nf6 2. c4 e6 3. Nf3 Bb4+ 4. Nbd2 b6 5. e3 Bb7 6. Bd3 c5 7. a3 Bxd2+ 8.
Bxd2 O-O 9. O-O d6 10. Bc3 Nbd7 11. b4 Qc7 12. Rc1 h6 13. Nd2 Rac8 14. Re1 Rfd8
15. e4 cxd4 16. Bxd4 Ne5 17. Bf1 Nfd7 18. Qb3 Nc6 19. Bb2 a5 20. Nb1 axb4 21.
axb4 Qb8 22. Nc3 Nd4 23. Qd1 Nc6 24. Nb5 Nf8 25. Qb3 Ba6 26. Nd4 Nxd4 27. Bxd4
e5 28. Be3 Rd7 29. f3 Bb7 30. Red1 Bc6 31. Qa2 Ra7 32. Qf2 Rb7 33. Ra1 Ne6 34.
Qd2 Rd8 35. Ra6 Nc7 36. Ra3 b5 37. Rd3 Ne8 38. c5 Rbd7 39. Qc3 dxc5 40. Qxc5
Rxd3 41. Bxd3 Rc8 42. Bf1 Nf6 43. Rc1 Bd7 44. Qb6 Qxb6 45. Rxc8+ Bxc8 46. Bxb6
Ba6 47. Bc7 Nd7 48. g3 f6 49. Bh3 Nf8 50. Kf2 Kf7 51. f4 exf4 52. gxf4 Ne6 53.
Bd6 Bb7 54. Ke3 g5 55. f5 Ng7 56. Bf1 Bc6 57. Bd3 Ne8 58. Bg3 h5 59. Kd4 h4 60.
Bb8 Ke7 61. Kc5 Bd7 62. h3 Kd8 63. Bh2 Ke7 64. Be2 Kd8 65. Bxb5 Bxb5 66. Kxb5
Kd7 67. Kc5 Kc8 68. Kc6 1-0

[Event "CUB-ch sf"]
[Site "Santa Clara"]
[Date "2006.02.06"]
[Round "2"]
[White "Delgado Ramirez, Neuris"]
[Black "Corrales Jimenez, Fidel"]
[Result "0-1"]
[WhiteElo "2540"]
[BlackElo "2468"]
[PlyCount "54"]
[EventDate "2006.02.05"]
[EventType "swiss"]
[EventRounds "9"]
[EventCountry "CUB"]
[SourceTitle "EXT 2007"]
[Source "ChessBase"]
[SourceDate "2006.11.23"]
[SourceVersion "1"]
[SourceVersionDate "2006.11.23"]
[SourceQuality "1"]

1. d4 d5 2. Nc3 Nf6 3. Bg5 Nbd7 4. Qd3 g6 5. O-O-O Bg7 6. f3 c6 7. e4 h6 8.
Bxf6 Nxf6 9. e5 Bf5 10. Qe3 Nd7 11. g4 Be6 12. Kb1 Qb6 13. Na4 Qa5 14. b3 b5
15. Qc3 Qxc3 16. Nxc3 Nb6 17. Nh3 g5 18. Bd3 f6 19. exf6 Bxf6 20. Bg6+ Kd7 21.
Bh5 Rhg8 22. Ne2 Nc8 23. Nf2 Nd6 24. Nd3 Kc7 25. Rhe1 Bc8 26. c3 a5 27. Nec1 b4
0-1

[Event "CUB-ch sf"]
[Site "Santa Clara"]
[Date "2006.02.07"]
[Round "3"]
[White "Pujols, Carlos"]
[Black "Delgado Ramirez, Neuris"]
[Result "1/2-1/2"]
[WhiteElo "2350"]
[BlackElo "2540"]
[PlyCount "52"]
[EventDate "2006.02.05"]
[EventType "swiss"]
[EventRounds "9"]
[EventCountry "CUB"]
[SourceTitle "EXT 2007"]
[Source "ChessBase"]
[SourceDate "2006.11.23"]
[SourceVersion "1"]
[SourceVersionDate "2006.11.23"]
[SourceQuality "1"]

1. e4 c5 2. Nf3 d6 3. d4 cxd4 4. Nxd4 Nf6 5. Nc3 Nc6 6. Be2 e5 7. Nb3 Be7 8.
Bg5 O-O 9. Bxf6 Bxf6 10. Nd5 Bg5 11. O-O Kh8 12. c3 Be6 13. Bc4 Qd7 14. Qe2 f5
15. exf5 Bxf5 16. Bd3 Bg4 17. f3 Be6 18. Be4 Qf7 19. Rad1 Rae8 20. Rd3 Bd8 21.
Rfd1 Qh5 22. Nd2 Ne7 23. Nxe7 Bxe7 24. Bd5 Bf5 25. Be4 Be6 26. Bd5 Bf5 1/2-1/2

[Event "CUB-ch sf"]
[Site "Santa Clara"]
[Date "2006.02.08"]
[Round "4"]
[White "Delgado Ramirez, Neuris"]
[Black "Perez Garcia, Rodney Oscar"]
[Result "1/2-1/2"]
[WhiteElo "2540"]
[BlackElo "2425"]
[PlyCount "96"]
[EventDate "2006.02.05"]
[EventType "swiss"]
[EventRounds "9"]
[EventCountry "CUB"]
[SourceTitle "EXT 2007"]
[Source "ChessBase"]
[SourceDate "2006.11.23"]
[SourceVersion "1"]
[SourceVersionDate "2006.11.23"]
[SourceQuality "1"]

1. c4 c6 2. e4 d5 3. exd5 Nf6 4. Nc3 cxd5 5. cxd5 Nxd5 6. Nf3 e6 7. d4 Be7 8.
Bd3 Nc6 9. O-O O-O 10. Re1 Nf6 11. a3 b6 12. Ne5 Bb7 13. Ba6 Qc8 14. Bxb7 Qxb7
15. Nxc6 Qxc6 16. d5 Qc4 17. Qe2 Qxe2 18. Rxe2 Bc5 19. dxe6 fxe6 20. Be3 Bxe3
21. Rxe3 Nd5 22. Rxe6 Nxc3 23. bxc3 Rfe8 24. Rxe8+ Rxe8 25. Kf1 Re5 26. c4 Kf7
27. Rd1 Ke6 28. Rd3 Re4 29. Rc3 Kd6 30. Rg3 Re7 31. Rg5 h6 32. Rd5+ Kc6 33. Rd4
Kc5 34. Rg4 a5 35. h4 h5 36. Rf4 a4 37. g4 hxg4 38. Rxg4 Rd7 39. h5 Rd3 40.
Rxg7 Rxa3 41. Kg2 Rd3 42. Ra7 a3 43. h6 Rd6 44. h7 Rh6 45. f4 Kxc4 46. f5 a2
47. f6 Rxh7 48. Rxa2 Rf7 1/2-1/2

[Event "CUB-ch sf"]
[Site "Santa Clara"]
[Date "2006.02.09"]
[Round "5"]
[White "Blanco, Humberto"]
[Black "Delgado Ramirez, Neuris"]
[Result "0-1"]
[WhiteElo "2357"]
[BlackElo "2540"]
[PlyCount "78"]
[EventDate "2006.02.05"]
[EventType "swiss"]
[EventRounds "9"]
[EventCountry "CUB"]
[SourceTitle "EXT 2007"]
[Source "ChessBase"]
[SourceDate "2006.11.23"]
[SourceVersion "1"]
[SourceVersionDate "2006.11.23"]
[SourceQuality "1"]

1. e4 c5 2. Nf3 Nc6 3. d4 cxd4 4. Nxd4 Nf6 5. Nc3 d6 6. Be3 Ng4 7. Bg5 h6 8.
Bh4 g5 9. Bg3 Bg7 10. Nb3 Be6 11. Qd2 Rc8 12. h4 gxh4 13. Bxh4 Nge5 14. O-O-O
Nb4 15. Kb1 Nc4 16. Bxc4 Rxc4 17. a3 Bxc3 18. bxc3 Nc6 19. f4 Rxe4 20. Rhe1
Rxe1 21. Rxe1 Qb6 22. c4 Rg8 23. Kb2 Rg4 24. g3 Bxc4 25. Re3 Kd7 26. Rc3 Bxb3
27. Rxb3 Qc7 28. Qd5 Rg7 29. Qb5 Kc8 30. Qh5 e6 31. Qxh6 Rg8 32. Qh7 Re8 33.
Bf6 Na5 34. Rc3 Nc4+ 35. Ka2 b5 36. Qe4 d5 37. Qd4 Kb7 38. Rb3 a6 39. g4 Rg8
0-1

[Event "CUB-ch sf"]
[Site "Santa Clara"]
[Date "2006.02.10"]
[Round "6"]
[White "Delgado Ramirez, Neuris"]
[Black "Obregon Rivero, Juan Carlos"]
[Result "1-0"]
[WhiteElo "2540"]
[BlackElo "2236"]
[PlyCount "67"]
[EventDate "2006.02.05"]
[EventType "swiss"]
[EventRounds "9"]
[EventCountry "CUB"]
[SourceTitle "EXT 2007"]
[Source "ChessBase"]
[SourceDate "2006.11.23"]
[SourceVersion "1"]
[SourceVersionDate "2006.11.23"]
[SourceQuality "1"]

1. e4 c6 2. d4 d5 3. e5 Bf5 4. Ne2 e6 5. Nf4 h6 6. Bd3 Ne7 7. O-O Qb6 8. c3 Nd7
9. Na3 a6 10. Nc2 c5 11. Bxf5 Nxf5 12. Ne3 Nxe3 13. fxe3 O-O-O 14. Bd2 g6 15.
b4 c4 16. a4 Be7 17. Qe2 Rh7 18. e4 g5 19. Nxd5 exd5 20. exd5 Kb8 21. Kh1 Rc8
22. Qg4 Nf8 23. Qe4 Qg6 24. Rf5 Rg7 25. Raf1 Ne6 26. d6 Bd8 27. d5 Bb6 28. a5
Ba7 29. g3 Nf4 30. Bxf4 gxf4 31. R1xf4 h5 32. d7 Rh8 33. e6 Kc7 34. Qe5+ 1-0

[Event "CUB-ch sf"]
[Site "Santa Clara"]
[Date "2006.02.11"]
[Round "7"]
[White "Valdes, Luis Enrique"]
[Black "Delgado Ramirez, Neuris"]
[Result "1/2-1/2"]
[WhiteElo "2372"]
[BlackElo "2540"]
[PlyCount "51"]
[EventDate "2006.02.05"]
[EventType "swiss"]
[EventRounds "9"]
[EventCountry "CUB"]
[SourceTitle "EXT 2007"]
[Source "ChessBase"]
[SourceDate "2006.11.23"]
[SourceVersion "1"]
[SourceVersionDate "2006.11.23"]
[SourceQuality "1"]

1. d4 Nf6 2. c4 e6 3. Nc3 Bb4 4. Qc2 Nc6 5. Nf3 d5 6. Bg5 h6 7. Bxf6 Qxf6 8. e3
O-O 9. a3 Bxc3+ 10. Qxc3 Rd8 11. cxd5 exd5 12. Be2 Qg6 13. O-O Bh3 14. Ne1 Rd6
15. Kh1 Bf5 16. Nd3 Be4 17. Rg1 Qf6 18. Raf1 Bxd3 19. Bxd3 Rc8 20. b4 Ne7 21.
Qc2 c6 22. a4 a6 23. Rb1 g6 24. Rgc1 h5 25. Rb2 h4 26. h3 1/2-1/2

[Event "CUB-ch sf"]
[Site "Santa Clara"]
[Date "2006.02.12"]
[Round "8"]
[White "Hernandez Carmenates, Holden"]
[Black "Delgado Ramirez, Neuris"]
[Result "1/2-1/2"]
[WhiteElo "2499"]
[BlackElo "2540"]
[PlyCount "99"]
[EventDate "2006.02.05"]
[EventType "swiss"]
[EventRounds "9"]
[EventCountry "CUB"]
[SourceTitle "EXT 2007"]
[Source "ChessBase"]
[SourceDate "2006.11.23"]
[SourceVersion "1"]
[SourceVersionDate "2006.11.23"]
[SourceQuality "1"]

1. Nf3 Nf6 2. c4 e6 3. Nc3 Bb4 4. Qc2 c5 5. a3 Bxc3 6. Qxc3 b6 7. b4 Nc6 8. g3
d6 9. Bg2 Bb7 10. O-O O-O 11. d3 h6 12. Bb2 Qe7 13. e4 Rfd8 14. b5 Nb8 15. Nh4
a6 16. a4 axb5 17. axb5 Nbd7 18. f4 Nf8 19. f5 e5 20. Rae1 Ra2 21. Bf3 N8h7 22.
Bd1 Kf8 23. Bb3 Raa8 24. Ng2 Ke8 25. Ne3 Kd7 26. Qc2 Kc7 27. Re2 Rf8 28. Rg2 g5
29. g4 h5 30. h3 Rh8 31. Qc1 Rag8 32. Bd1 hxg4 33. hxg4 Nf8 34. Bf3 N8d7 35.
Bc3 Qf8 36. Be1 Rh3 37. Rh2 Rxh2 38. Kxh2 Qh6+ 39. Kg2 Rh8 40. Bg3 Ra8 41. Qb2
Qg7 42. Be1 Rh8 43. Bg3 Ra8 44. Nd1 Ng8 45. Bf2 Ne7 46. Rh1 Rh8 47. Rxh8 Qxh8
48. Be3 f6 49. Nf2 Ng8 50. Nh3 1/2-1/2

[Event "CUB-ch sf"]
[Site "Santa Clara"]
[Date "2006.02.13"]
[Round "9"]
[White "Delgado Ramirez, Neuris"]
[Black "Quesada Perez, Yuniesky"]
[Result "1/2-1/2"]
[WhiteElo "2540"]
[BlackElo "2501"]
[PlyCount "95"]
[EventDate "2006.02.05"]
[EventType "swiss"]
[EventRounds "9"]
[EventCountry "CUB"]
[SourceTitle "EXT 2007"]
[Source "ChessBase"]
[SourceDate "2006.11.23"]
[SourceVersion "1"]
[SourceVersionDate "2006.11.23"]
[SourceQuality "1"]

1. d4 Nf6 2. Bg5 e6 3. e4 h6 4. Bxf6 Qxf6 5. Nf3 d6 6. Nc3 Nd7 7. Qd2 a6 8.
O-O-O g5 9. h3 Bg7 10. Kb1 b6 11. Bd3 Bb7 12. Rhe1 Qd8 13. Ne2 c5 14. c3 Qc7
15. Ng3 c4 16. Bc2 O-O-O 17. Nh5 Rhg8 18. Ng1 Bf8 19. g4 Be7 20. Ne2 Nf6 21.
Nxf6 Bxf6 22. Ng3 e5 23. Nf5 Rh8 24. Qe2 Kb8 25. dxe5 Bxe5 26. Ne3 b5 27. h4
Rc8 28. Rh1 Qc5 29. a3 Rhe8 30. hxg5 hxg5 31. Rh7 Re7 32. Qf3 Bf4 33. Nd5 Bxd5
34. Rxd5 Qb6 35. Rf5 Rcc7 36. Qe2 Ka7 37. f3 Rb7 38. Qd1 Qe3 39. Ka2 Qd2 40.
Qxd2 Bxd2 41. a4 Bc1 42. Kb1 Bf4 43. Bd1 Be5 44. Rxg5 f6 45. Rxe7 fxg5 46.
Rxb7+ Kxb7 47. axb5 axb5 48. Kc2 1/2-1/2

[Event "Guarapari 2nd"]
[Site "Guarapari"]
[Date "2006.08.28"]
[Round "1"]
[White "Rodi, Luis Ernesto"]
[Black "Delgado Ramirez, Neuris"]
[Result "0-1"]
[WhiteElo "2236"]
[BlackElo "2523"]
[PlyCount "110"]
[EventDate "2006.08.28"]
[EventType "swiss"]
[EventRounds "9"]
[EventCountry "BRA"]
[EventCategory "2"]
[SourceTitle "EXT 2007"]
[Source "ChessBase"]
[SourceDate "2006.11.23"]
[SourceVersion "1"]
[SourceVersionDate "2006.11.23"]
[SourceQuality "1"]

1. d4 Nf6 2. Bg5 c5 3. Bxf6 gxf6 4. d5 Bg7 5. c3 f5 6. e3 Qb6 7. Qc2 Qf6 8. Ne2
e6 9. Nd2 O-O 10. Nf4 Bh6 11. Nh5 Qg6 12. Be2 b5 13. Nb3 Na6 14. Rg1 e5 15. g4
c4 16. Nd2 f4 17. e4 Nc5 18. Nf3 Qb6 19. Nh4 Bg5 20. Nf5 b4 21. h4 b3 22. axb3
cxb3 23. Qb1 Bd8 24. Kf1 Kh8 25. f3 d6 26. Qe1 a5 27. Kg2 a4 28. Ra3 Ba6 29. g5
Bc8 30. Nh6 Qc7 31. Kh2 Qd7 32. Qf1 Bb6 33. Nf6 Qd8 34. Rh1 Nd7 35. Nhg4 Bc5
36. Ra1 Nxf6 37. Nxf6 a3 38. Qd1 Qb6 39. Bc4 Rb8 40. bxa3 Bf2 41. Qe2 Bg3+ 42.
Kg2 Qa5 43. Rab1 Qxa3 44. Nh5 b2 45. Nxg3 fxg3 46. Qd3 f5 47. Kxg3 fxe4 48.
fxe4 Rf4 49. Rh2 Bd7 50. Qe3 Rg4+ 51. Kf2 Rf8+ 52. Ke1 Rxe4 53. Qxe4 Qxc3+ 54.
Kd1 Rf3 55. Qc2 Bg4 0-1

[Event "Guarapari 2nd"]
[Site "Guarapari"]
[Date "2006.08.29"]
[Round "2"]
[White "Delgado Ramirez, Neuris"]
[Black "Lima, Darcy Gustavo Macha"]
[Result "1/2-1/2"]
[WhiteElo "2523"]
[BlackElo "2482"]
[PlyCount "92"]
[EventDate "2006.08.28"]
[EventType "swiss"]
[EventRounds "9"]
[EventCountry "BRA"]
[EventCategory "2"]
[SourceTitle "EXT 2007"]
[Source "ChessBase"]
[SourceDate "2006.11.23"]
[SourceVersion "1"]
[SourceVersionDate "2006.11.23"]
[SourceQuality "1"]

1. e4 e5 2. Nf3 Nc6 3. Bb5 Bc5 4. Bxc6 dxc6 5. d3 Ne7 6. Be3 Bxe3 7. fxe3 f6 8.
Nc3 c5 9. O-O Be6 10. Qe1 Qd7 11. Ne2 Nc6 12. a3 a5 13. Qc3 Qe7 14. Rf2 O-O 15.
Raf1 Rad8 16. Ng3 g6 17. Ne2 b5 18. b3 b4 19. axb4 axb4 20. Qb2 Na7 21. h3 Nb5
22. g4 g5 23. Ng3 Nc3 24. Nd2 Ra8 25. Ra1 Ra3 26. Rff1 Rfa8 27. Rxa3 Rxa3 28.
Ra1 Nb5 29. Nb1 c4 30. bxc4 Rxa1 31. Qxa1 Na3 32. Qb2 Qc5 33. Kf2 Nxb1 34. Qxb1
Qa5 35. Ke2 Kf7 36. Nh5 Bd7 37. Kf3 c5 38. h4 h6 39. hxg5 hxg5 40. Ng3 Qa8 41.
Qh1 Kg7 42. Qh5 Qa1 43. Qh2 Qd1+ 44. Qe2 Qxe2+ 45. Kxe2 Bxg4+ 46. Kd2 Kf7
1/2-1/2

[Event "Guarapari 2nd"]
[Site "Guarapari"]
[Date "2006.08.30"]
[Round "3"]
[White "Diamant, Andre"]
[Black "Delgado Ramirez, Neuris"]
[Result "1/2-1/2"]
[WhiteElo "2306"]
[BlackElo "2523"]
[PlyCount "51"]
[EventDate "2006.08.28"]
[EventType "swiss"]
[EventRounds "9"]
[EventCountry "BRA"]
[EventCategory "2"]
[SourceTitle "EXT 2007"]
[Source "ChessBase"]
[SourceDate "2006.11.23"]
[SourceVersion "1"]
[SourceVersionDate "2006.11.23"]
[SourceQuality "1"]

1. c4 e5 2. Nc3 Bb4 3. Qc2 Nc6 4. e3 Nf6 5. Nge2 O-O 6. a3 Be7 7. Nd5 Re8 8. g3
d6 9. Bg2 Bg4 10. d3 Qd7 11. b3 Bd8 12. h3 Be6 13. Bb2 h6 14. e4 Bxd5 15. cxd5
Nb8 16. d4 c6 17. dxc6 Nxc6 18. O-O Bb6 19. Rad1 Rac8 20. dxe5 Nxe5 21. Qb1 Qe6
22. Nd4 Bxd4 23. Bxd4 Nc6 24. Ba1 Na5 25. Rfe1 Qxb3 26. Qxb3 1/2-1/2

[Event "Guarapari 2nd"]
[Site "Guarapari"]
[Date "2006.08.31"]
[Round "4"]
[White "Delgado Ramirez, Neuris"]
[Black "Rocha, Joao Batista"]
[Result "1-0"]
[WhiteElo "2523"]
[BlackElo "2014"]
[PlyCount "105"]
[EventDate "2006.08.28"]
[EventType "swiss"]
[EventRounds "9"]
[EventCountry "BRA"]
[EventCategory "2"]
[SourceTitle "EXT 2007"]
[Source "ChessBase"]
[SourceDate "2006.11.23"]
[SourceVersion "1"]
[SourceVersionDate "2006.11.23"]
[SourceQuality "1"]

1. e4 c5 2. Nf3 Nc6 3. Bb5 e6 4. Bxc6 bxc6 5. d3 d6 6. e5 d5 7. O-O Ne7 8. c4
Ng6 9. Nc3 Be7 10. Na4 O-O 11. Be3 Qc7 12. Re1 Nxe5 13. Nxe5 Qxe5 14. Bxc5 Qf6
15. Bxe7 Qxe7 16. cxd5 cxd5 17. d4 Rb8 18. b3 Qf6 19. Qd2 Bd7 20. Nc5 Bb5 21.
Rac1 Rfc8 22. Rc3 a5 23. Rf3 Qh4 24. g3 Qh5 25. Qf4 Rb6 26. a4 Ba6 27. h4 Qg6
28. Nd7 Rb7 29. Nc5 Rb6 30. Rc1 Rbc6 31. Rfc3 h6 32. Qd2 e5 33. dxe5 d4 34.
Qxd4 Be2 35. Qe3 Bg4 36. Ne4 Rxc3 37. Rxc3 Rxc3 38. Nxc3 Be6 39. Qe4 Qh5 40.
Kg2 Bxb3 41. Qa8+ Kh7 42. Qxa5 Qg4 43. Qb5 Bc4 44. Qb1+ g6 45. Qe4 Qe6 46. Qf4
Qc6+ 47. Kh2 Be6 48. Ne4 Bf5 49. Nd6 Be6 50. Nxf7 Kg8 51. Nxh6+ Kg7 52. Qf6+
Kh7 53. Nf7 1-0

[Event "Guarapari 2nd"]
[Site "Guarapari"]
[Date "2006.09.01"]
[Round "5"]
[White "Ramon Pita, Vivian"]
[Black "Delgado Ramirez, Neuris"]
[Result "0-1"]
[WhiteElo "2208"]
[BlackElo "2523"]
[PlyCount "157"]
[EventDate "2006.08.28"]
[EventType "swiss"]
[EventRounds "9"]
[EventCountry "BRA"]
[EventCategory "2"]
[SourceTitle "EXT 2007"]
[Source "ChessBase"]
[SourceDate "2006.11.23"]
[SourceVersion "1"]
[SourceVersionDate "2006.11.23"]
[SourceQuality "1"]

1. d4 Nf6 2. c4 e6 3. Nc3 Bb4 4. e3 b6 5. Nge2 Bb7 6. a3 Bxc3+ 7. Nxc3 O-O 8.
b4 d6 9. Bb2 Nbd7 10. Rc1 Qe7 11. f3 Nh5 12. Qd2 c5 13. Bd3 cxd4 14. exd4 Qh4+
15. Qf2 Nf4 16. Bf1 Qh5 17. Nb5 d5 18. Nd6 dxc4 19. Nxb7 Qd5 20. Nc5 bxc5 21.
Bxc4 Qxc4 22. Rxc4 Nd3+ 23. Ke2 Nxf2 24. Kxf2 cxb4 25. axb4 Nb6 26. Rc6 Nd5 27.
Ba3 Rfb8 28. Rhc1 h5 29. R1c4 Kh7 30. R6c5 Rb6 31. Ra5 a6 32. g3 h4 33. gxh4
Kg6 34. Kg3 Rh8 35. Rcc5 Rh5 36. b5 axb5 37. Raxb5 Rxb5 38. Rxb5 Rh8 39. Rb7
Ne3 40. Rd7 Nf5+ 41. Kg2 Nxh4+ 42. Kg3 Nxf3 43. d5 Ng5 44. Be7 Ne4+ 45. Kg2 Nf6
46. dxe6 fxe6 47. Ra7 Kf5 48. Bd6 Rd8 49. Ra5+ Nd5 50. Bg3 g5 51. Kf3 Rc8 52.
Ke2 Rd8 53. Bc7 Rd7 54. Bg3 e5 55. Ra3 Nf4+ 56. Ke3 Rd4 57. Rb3 Re4+ 58. Kf3
g4+ 59. Kf2 Ra4 60. Re3 Ra2+ 61. Kf1 Ra1+ 62. Kf2 Nh3+ 63. Ke2 Nf4+ 64. Kf2 Ra4
65. Kf1 Ra5 66. Kf2 e4 67. Rb3 Nd5 68. Rb8 e3+ 69. Ke2 Ra2+ 70. Kf1 Ke4 71.
Re8+ Kd4 72. Re6 Rd2 73. Re8 Rd1+ 74. Kg2 Kd3 75. Re5 Nc3 76. Re8 Rd2+ 77. Kf1
e2+ 78. Kg1 Ne4 79. h4 0-1

[Event "Guarapari 2nd"]
[Site "Guarapari"]
[Date "2006.09.02"]
[Round "6"]
[White "Delgado Ramirez, Neuris"]
[Black "Asfora, Marco Antonio Hazin"]
[Result "1-0"]
[WhiteElo "2523"]
[BlackElo "2245"]
[PlyCount "39"]
[EventDate "2006.08.28"]
[EventType "swiss"]
[EventRounds "9"]
[EventCountry "BRA"]
[EventCategory "2"]
[SourceTitle "EXT 2007"]
[Source "ChessBase"]
[SourceDate "2006.11.23"]
[SourceVersion "1"]
[SourceVersionDate "2006.11.23"]
[SourceQuality "1"]

1. e4 e5 2. Nf3 Nc6 3. d4 exd4 4. Nxd4 Bc5 5. Nb3 Bb6 6. Qe2 Nge7 7. Nc3 O-O 8.
Be3 d6 9. O-O-O Bxe3+ 10. Qxe3 a5 11. Bb5 Bd7 12. f4 Nb4 13. Bxd7 Qxd7 14. a3
Nbc6 15. f5 f6 16. Nc5 Qc8 17. Ne6 Rf7 18. Nb5 Ne5 19. Nexc7 Nxf5 20. Qc3 1-0

[Event "Guarapari 2nd"]
[Site "Guarapari"]
[Date "2006.09.03"]
[Round "7"]
[White "Bittencourt, Jorge"]
[Black "Delgado Ramirez, Neuris"]
[Result "0-1"]
[WhiteElo "2419"]
[BlackElo "2523"]
[PlyCount "74"]
[EventDate "2006.08.28"]
[EventType "swiss"]
[EventRounds "9"]
[EventCountry "BRA"]
[EventCategory "2"]
[SourceTitle "EXT 2007"]
[Source "ChessBase"]
[SourceDate "2006.11.23"]
[SourceVersion "1"]
[SourceVersionDate "2006.11.23"]
[SourceQuality "1"]

1. e4 c5 2. Nf3 d6 3. d4 cxd4 4. Nxd4 Nf6 5. Nc3 a6 6. Be3 e5 7. Nf3 Qc7 8. a4
h6 9. a5 Be6 10. Nd5 Bxd5 11. exd5 Nbd7 12. c4 Be7 13. Nd2 O-O 14. Be2 Nh7 15.
O-O Bg5 16. Bxg5 Nxg5 17. b4 f5 18. Qb3 e4 19. c5 Kh8 20. Rfc1 Ne5 21. Nc4 Nxc4
22. Rxc4 dxc5 23. bxc5 Qe5 24. Rd1 f4 25. Qc3 Qf5 26. Bf1 f3 27. Qe3 Rae8 28.
c6 fxg2 29. Bxg2 Qg4 30. Rf1 bxc6 31. dxc6 Rf3 32. Qc5 Rh3 33. Kh1 Nf3 34. Qd6
Qe6 35. Qf4 Nxh2 36. Bxh3 Qxh3 37. Rfc1 Nf3+ 0-1

[Event "Guarapari 2nd"]
[Site "Guarapari"]
[Date "2006.09.04"]
[Round "8"]
[White "Delgado Ramirez, Neuris"]
[Black "Hernandez, Gustavo"]
[Result "1-0"]
[WhiteElo "2523"]
[BlackElo "2329"]
[PlyCount "85"]
[EventDate "2006.08.28"]
[EventType "swiss"]
[EventRounds "9"]
[EventCountry "BRA"]
[EventCategory "2"]
[SourceTitle "EXT 2007"]
[Source "ChessBase"]
[SourceDate "2006.11.23"]
[SourceVersion "1"]
[SourceVersionDate "2006.11.23"]
[SourceQuality "1"]

1. e4 e5 2. Nf3 Nf6 3. Nxe5 d6 4. Nf3 Nxe4 5. Nc3 Nxc3 6. dxc3 Be7 7. Be3 Nc6
8. Qd2 Be6 9. O-O-O Qd7 10. h4 Ne5 11. Kb1 Bf6 12. Nd4 Nc4 13. Bxc4 Bxc4 14.
Bg5 Bxg5 15. hxg5 O-O-O 16. b3 Bd5 17. f3 Rde8 18. c4 Be6 19. Rh4 b6 20. Nb5 a6
21. Nc3 Qe7 22. Re4 h6 23. gxh6 Rxh6 24. f4 Qd7 25. Rde1 Rhh8 26. Qd3 f5 27.
R4e3 Bf7 28. c5 bxc5 29. Qxa6+ Kd8 30. Qa8+ Qc8 31. Qa5 Qb7 32. Nb5 Qc6 33. a4
Rxe3 34. Rxe3 Re8 35. Rg3 g6 36. Rh3 c4 37. b4 Bg8 38. Kb2 Re7 39. Qa7 Kc8 40.
Rh8 Re8 41. Qd4 Kb8 42. Qg7 c3+ 43. Qxc3 1-0

[Event "Guarapari 2nd"]
[Site "Guarapari"]
[Date "2006.09.05"]
[Round "9"]
[White "Cantarino Neto, Mario Ribeiro"]
[Black "Delgado Ramirez, Neuris"]
[Result "0-1"]
[WhiteElo "2194"]
[BlackElo "2523"]
[PlyCount "60"]
[EventDate "2006.08.28"]
[EventType "swiss"]
[EventRounds "9"]
[EventCountry "BRA"]
[EventCategory "2"]
[SourceTitle "EXT 2007"]
[Source "ChessBase"]
[SourceDate "2006.11.23"]
[SourceVersion "1"]
[SourceVersionDate "2006.11.23"]
[SourceQuality "1"]

1. d4 Nf6 2. c4 e6 3. Nf3 b6 4. g3 Bb4+ 5. Bd2 Be7 6. Nc3 Bb7 7. Bg2 O-O 8. O-O
d6 9. Qc2 c5 10. dxc5 bxc5 11. Rad1 Qb6 12. Bc1 h6 13. b3 Nc6 14. e3 Nb4 15.
Qb1 Bc6 16. e4 Qb7 17. Ne1 Rfd8 18. Bb2 a5 19. Nc2 Nxc2 20. Qxc2 Rab8 21. Ba1
Ne8 22. f4 Bf6 23. f5 Bd4+ 24. Rxd4 cxd4 25. fxe6 fxe6 26. Nd5 e5 27. Qf2 Bxd5
28. Qf8+ Kh7 29. Bh3 Bg8 30. Bf5+ Kh8 0-1

[Event "Vitoria op 1st"]
[Site "Vitoria"]
[Date "2006.09.07"]
[Round "1"]
[White "Delgado Ramirez, Neuris"]
[Black "Bayer, Biazi"]
[Result "1-0"]
[WhiteElo "2523"]
[BlackElo "1919"]
[PlyCount "31"]
[EventDate "2006.09.07"]
[EventType "swiss"]
[EventRounds "7"]
[EventCountry "BRA"]
[SourceTitle "CBM 114 Extra"]
[Source "ChessBase"]
[SourceDate "2006.11.03"]
[SourceVersion "1"]
[SourceVersionDate "2006.11.03"]
[SourceQuality "1"]

1. e4 e5 2. Nf3 d6 3. d4 Nf6 4. Nc3 Nbd7 5. Bc4 Be7 6. O-O O-O 7. Qe2 exd4 8.
Nxd4 Ne5 9. Bb3 Bg4 10. f3 Bh5 11. Bf4 c6 12. Rad1 Qc7 13. Nf5 Rad8 14. Be3 b5
15. g4 Bg6 16. g5 1-0

[Event "Vitoria op 1st"]
[Site "Vitoria"]
[Date "2006.09.07"]
[Round "2"]
[White "Macedo, Maximo Iack Miranda"]
[Black "Delgado Ramirez, Neuris"]
[Result "0-1"]
[WhiteElo "2207"]
[BlackElo "2523"]
[PlyCount "90"]
[EventDate "2006.09.07"]
[EventType "swiss"]
[EventRounds "7"]
[EventCountry "BRA"]
[SourceTitle "CBM 114 Extra"]
[Source "ChessBase"]
[SourceDate "2006.11.03"]
[SourceVersion "1"]
[SourceVersionDate "2006.11.03"]
[SourceQuality "1"]

1. d4 Nf6 2. Nf3 b5 3. Bf4 Bb7 4. e3 a6 5. h3 e6 6. Bd3 c5 7. c3 Nc6 8. Nbd2
Be7 9. O-O O-O 10. Qe2 d6 11. dxc5 dxc5 12. e4 c4 13. Bc2 Nd7 14. Rfd1 e5 15.
Bg3 Bc5 16. Nf1 Qe7 17. Rd2 Rfd8 18. Rad1 f6 19. Nh4 g6 20. Qg4 Nf8 21. Nf5 Qe6
22. Nh6+ Kg7 23. Nf5+ Kf7 24. N5e3 Rxd2 25. Rxd2 Qxg4 26. hxg4 Bc8 27. f3 Be6
28. Bf2 Nd7 29. g3 Nb6 30. b4 cxb3 31. axb3 b4 32. c4 Nd4 33. Kg2 a5 34. Nd5 a4
35. Nxb6 Bxb6 36. bxa4 Bxc4 37. Ne3 Be2 38. Bb3+ Nxb3 39. Rxe2 Rxa4 40. Rb2 Nc1
41. Nc4 Nd3 42. Rd2 Bxf2 43. Rxd3 Bd4 44. Rb3 Ra2+ 45. Kf1 Bc3 0-1

[Event "Vitoria op 1st"]
[Site "Vitoria"]
[Date "2006.09.08"]
[Round "3"]
[White "Delgado Ramirez, Neuris"]
[Black "Rodi, Luis Ernesto"]
[Result "1-0"]
[WhiteElo "2523"]
[BlackElo "2236"]
[PlyCount "75"]
[EventDate "2006.09.07"]
[EventType "swiss"]
[EventRounds "7"]
[EventCountry "BRA"]
[SourceTitle "CBM 114 Extra"]
[Source "ChessBase"]
[SourceDate "2006.11.03"]
[SourceVersion "1"]
[SourceVersionDate "2006.11.03"]
[SourceQuality "1"]

1. e4 e5 2. Nf3 Nc6 3. Bb5 a6 4. Ba4 Nf6 5. Bxc6 dxc6 6. d3 Bd6 7. Nc3 Nd7 8.
O-O Nc5 9. Ne2 Bg4 10. Nd2 Ne6 11. f3 Bh5 12. Nc4 f6 13. Be3 c5 14. c3 Bf7 15.
a3 b5 16. Na5 Qd7 17. Qe1 Nd8 18. b4 cxb4 19. axb4 O-O 20. Qf2 Nc6 21. Rfd1
Nxa5 22. Rxa5 Bb3 23. Rd2 Ba4 24. Bc5 Rfd8 25. Ng3 Qe6 26. Bxd6 Rxd6 27. d4
exd4 28. Rxd4 g6 29. Ne2 Kg7 30. Rxd6 Qxd6 31. Qd4 Qe7 32. Kf2 Rd8 33. Qc5 Qf7
34. Rxa6 Rd7 35. e5 fxe5 36. Qxe5+ Kh6 37. Nd4 Rd5 38. Qe3+ 1-0